000
00248nam a22001097a 4500
999
_c
166502
_d
166502
082
_a
_b
100
_a
Ramdhari Sing Dhinakar
245
_a
Kurushetra/
_c
by Ramdhari Sing Dhinakar
260
_a
New Delhi:
_b
Rajpal,
_c
650
_a
942
_c
BK